World Map Without 55 Random Countries - Statistics

General Stats
  • This quiz has been taken 105 times
  • The average score is 51 of 55
Answers on the Map
Answers color-coded by a green-red scale on the quiz's map according to % correct below.
 
Answer Stats
Country % Correct
Algeria
100%
Argentina
100%
Belarus
100%
Bolivia
100%
Brazil
100%
Bulgaria
100%
Canada
100%
Chad
100%
Chile
100%
China
100%
Colombia
100%
Ecuador
100%
Egypt
100%
France
100%
Germany
100%
Guinea
100%
India
100%
Indonesia
100%
Italy
100%
Ivory Coast
100%
Kiribati
100%
Libya
100%
Mali
100%
Mexico
100%
Panama
100%
Papua New Guinea
100%
Paraguay
100%
Peru
100%
Republic of the Congo
100%
Romania
100%
South Africa
100%
Spain
100%
Sudan
100%
Sweden
100%
Tajikistan
100%
United Kingdom
100%
United States
100%
Venezuela
100%
Kyrgyzstan
97%
Oman
97%
Saudi Arabia
97%
Switzerland
97%
Afghanistan
96%
Australia
96%
Costa Rica
96%
Cuba
96%
DR Congo
96%
Ireland
96%
Moldova
96%
Nicaragua
96%
Niger
96%
Tanzania
96%
Tunisia
96%
Ukraine
96%
Austria
95%
Botswana
95%
Burkina Faso
95%
Denmark
95%
Dominican Republic
95%
Ethiopia
95%
Fiji
95%
Georgia
95%
Greece
95%
Guatemala
95%
Guyana
95%
Iran
95%
Japan
95%
Kenya
95%
Malawi
95%
Mongolia
95%
Myanmar
95%
North Macedonia
95%
Pakistan
95%
Poland
95%
Turkey
95%
Belize
94%
Czech Republic
94%
Ghana
94%
Laos
94%
Namibia
94%
Netherlands
94%
Russia
94%
Slovenia
94%
Sri Lanka
94%
Albania
93%
Nigeria
93%
Senegal
93%
Serbia
93%
South Sudan
93%
Azerbaijan
92%
Benin
92%
Cameroon
92%
Finland
92%
Honduras
92%
New Zealand
92%
Philippines
92%
Yemen
92%
Zambia
92%
Bahamas
91%
Croatia
91%
Iraq
91%
South Korea
91%
Turkmenistan
91%
Zimbabwe
91%
Gabon
90%
Kosovo
90%
Lithuania
90%
Marshall Islands
90%
Mauritania
90%
Portugal
90%
United Arab Emirates
90%
Angola
89%
Bangladesh
89%
Bosnia and Herzegovina
89%
Cambodia
89%
Estonia
89%
Iceland
89%
Madagascar
89%
Suriname
89%
Uruguay
89%
Eswatini
88%
Haiti
88%
Hungary
88%
Jamaica
88%
Mozambique
88%
Nepal
88%
Norway
88%
Palau
88%
Kazakhstan
87%
Morocco
87%
Nauru
87%
Rwanda
87%
Togo
87%
Belgium
86%
Burundi
86%
Central African Republic
86%
Eritrea
86%
Liberia
86%
Sierra Leone
86%
Slovakia
86%
Thailand
86%
Tuvalu
86%
Uganda
86%
Uzbekistan
86%
Armenia
85%
Jordan
85%
Syria
85%
Vietnam
85%
Lesotho
84%
Malaysia
84%
Mauritius
84%
Taiwan
84%
El Salvador
83%
Guinea-Bissau
83%
Latvia
83%
Tonga
82%
North Korea
81%
Samoa
81%
Vanuatu
81%
Cape Verde
80%
Malta
79%
Sao Tome and Principe
78%
Seychelles
78%
Comoros
77%
FS Micronesia
76%
Israel
75%
Equatorial Guinea
70%
Somalia
70%
Solomon Islands
69%
Maldives
68%
Kuwait
62%
No matching quizzes found
Score Distribution
Percent of People with Each Score
Percentile by Number Answered
Your Score History
You have not taken this quiz